000
00199 a2200097 4500
001
18150
100
_a
S T B B
245
_a
Model aircraft H/B
260
_a
_b
Robert, Hole
_c
090
_c
13444
_d
13444
942
_a
NUST-CAE
_c
M
_c
3830
999
_c
253223
_d
253223